00488nam a2200145Ia 4500008004100000020001800041100002500059245004500084260002200129500002400151650003500175942000700210952010800217999001700325230524s9999 xx 000 0 und d a9788189888954 aNapoleon Hill936617 4aThe Law of Success : Think and Grow Rich bMaster Mind Books aQuantity Number: 1 aPersonality Development936618 cBK 00104070aTATCLbTATCLcGENd2023-05-24l1p44971q2023-06-13r2024-01-31s2024-01-31w2023-05-24yBK c50667d50667